Capital ≠ Largest City Quiz - Statistics

General Stats
  • This quiz has been taken 110 times
  • The average score is 23 of 36
Answer Stats
Country Population Largest City % Correct
Australia 4.63 M Sydney
100%
Brazil 21.5 M São Paulo
98%
Canada 5.95 M Toronto
98%
Turkey 13.8 M Istanbul
92%
Italy 4.98 M Milan
92%
United States 21.6 M New York City
92%
New Zealand 1.43 M Auckland
90%
South Africa 8.55 M Johannesburg
89%
Nigeria 13.2 M Lagos
87%
Israel 2.42 M Tel Aviv
87%
United Arab Emirates 1.80 M Dubai
86%
Netherlands 3.08 M Rotterdam
86%
Pakistan 22.7 M Karachi
84%
China 31.7 M Guangzhou
82%
Switzerland 1.23 M Zurich
82%
India 24.0 M Delhi
81%
Vietnam 8.20 M Ho Chi Minh City
81%
Morocco 4.15 M Casablanca
80%
Sri Lanka 4.58 M Colombo
79%
Tanzania 4.83 M Dar es Salaam
71%
Belize 68 k Belize City
68%
Kazakhstan 1.69 M Almaty
67%
Myanmar 5.15 M Yangon
67%
Ivory Coast 4.80 M Abidjan
62%
Liechtenstein 5.7 k Schaan
60%
Ecuador 2.68 M Guayaquil
55%
Benin 1.30 M Cotonou
49%
Burundi 800 k Bujumbura
47%
Cameroon 2.63 M Douala
44%
Palau 11 k Koror
20%
Equatorial Guinea 251 k Bata
18%
Malta 22 k Birkirkara
12%
F.S. Micronesia 14 k Weno
12%
Trinidad & Tobago 84 k Chaguanas
9%
San Marino 7.0 k Dogana
5%
Gambia 336 k Serekunda
5%
No matching quizzes found
Score Distribution
Percent of People with Each Score
Percentile by Number Answered
Your Score History
You have not taken this quiz